000 00969nam a2200289 a 4500
001 000112667
003 CHAP
005 20220329144316.0
008 160906s2007 mx a |r| |||0|||spa d
010 _a109128
011 _a110100
020 _a978-970-722-659-3 (Plaza y Valdés)
020 _a9789680201105 (UACh)
040 _cCHAP
082 0 4 _a320.972
_bH92
245 0 0 _aHumorismo, anécdotas y hechos insólitos en la historia contemporánea de México /
_ccoordinado por Refugio Bautista Zane ...[et al.].
260 _aChapingo, Méx. :
_bUACH
_bPlaza y Valdes
_bInvestigación en Ciencias Sociales y Humanidades,
_c2007.
300 _a252 p. :
_bil.
590 _aE11695DGD
_b10
_c20170520
_lUCH01
_h1248
590 _aE6096MTM
_b05
_c20160906
_lUCH01
_h1505
650 1 4 _aHumores.
_956883
650 1 4 _aMéxico
_xHistoria contemporánea.
_976775
700 0 _aBautista Zane, Refugio
_e, coord.
_910966
901 _aBK
942 _cLIBRO
942 _n0
999 _c109128
_d109128